000
00305nam a22001337a 4500
008
170608b xxu||||| |||| 00| 0 eng d
020
_a
0718902599
041
_a
eng
080
_a
94
100
_a
18
101
_a
SHH
245
_a
THE MODERN HISTORY OF KUWAIT 1750-1965
_c
HAKIMAN,A.M
942
_2
udc
_c
BK
999
_c
16399
_d
16399